| 000 | 00666nam a22001817a 4500 | ||
|---|---|---|---|
| 999 |
_c14906 _d14906 |
||
| 003 | OSt | ||
| 082 | _2631.587 AKH/UT | ||
| 088 | _aP 382 | ||
| 100 |
_aAKHILA G.L _aJASBEER K.T _93984 |
||
| 245 | _aUtilization of Effluent Fish Farms in Cultivation Using Aquaponics | ||
| 260 |
_atavanur 2017 _bDepartment of Irrigation & Drainage Engineering |
||
| 300 | _a63 | ||
| 500 | _aUtilization of Effluent Fish Farms in Cultivation Using Aquaponics | ||
| 520 | _aUtilization of Effluent Fish Farms in Cultivation Using Aquaponics | ||
| 700 |
_aDr. Anu Varughese (Guide) _93858 |
||
| 856 | _uhttps://drive.google.com/open?id=1ON3VWhSEbvqMbSXjUAmLFcxMLbfuMH0d | ||
| 942 | _cPR | ||